Những câu chuyện trong văn hóa ứng xử dành cho học sinh

Đã lưu trong:
書目詳細資料
主要作者: Thế, Long (Sưu tầm, biên soạn)
其他作者: Tiến, Đức
格式: 圖書
語言:Vietnamese
出版: Hà Nội Văn hóa thông tin 2011
主題:
標簽: 添加標簽
沒有標簽, 成為第一個標記此記錄!
Thư viện lưu trữ: Trung tâm Học liệu Lê Vũ Hùng, Trường Đại học Đồng Tháp
LEADER 01065pam a22003618a 4500
001 00034396
005 20171026081025.0
008 160818s2011 ||||||viesd
020 # # |c 32000 
041 0 # |a vie 
082 1 4 |a 808.83  |b NH556C 
100 1 # |a Thế, Long  |e Sưu tầm, biên soạn 
245 0 0 |a Những câu chuyện trong văn hóa ứng xử dành cho học sinh  |c Thế Long, Tiến Đức (sưu tầm, biên soạn) 
260 # # |a Hà Nội  |b Văn hóa thông tin  |c 2011 
300 # # |a 191 tr.  |c 21 cm. 
653 # # |a Giai thoại 
653 # # |a Ứng xử 
653 # # |a Văn học 
653 # # |a Tác phẩm 
653 # # |a Truyện ngắn 
653 # # |a Học sinh 
700 1 # |a Tiến, Đức  |e Sưu tầm, biên soạn 
852 # # |j KD.0017701 
852 # # |b Kho đọc  |j KD.0017701 
910 |d 18/08/2016 
980 # # |a Trung tâm Học liệu Lê Vũ Hùng, Trường Đại học Đồng Tháp